[Event "Hilton Open 2011"]
[Site "Basel"]
[Date "2011.01.01"]
[Round "1"]
[White "Bacrot, Etienne"]
[Black "Grandadam, Nicolas"]
[Result "1-0"]
[WhiteElo "2723"]
[BlackElo "2286"]
[PlyCount "87"]
[EventDate "2011.01.??"]
[EventRounds "7"]
[EventCategory "1"]
[SourceDate "2011.01.02"]

1. d4 d5 2. Nf3 e6 3. c4 Nf6 4. Nc3 Bb4 5. cxd5 exd5 6. Qa4+ Nc6 7. Bg5 h6 8.
Bxf6 Qxf6 9. e3 O-O 10. Be2 a6 11. O-O Be6 12. Rfc1 Bd6 13. a3 Ne7 14. b4 c6
15. Qb3 h5 16. Na4 h4 17. Nc5 Rab8 18. Qd1 Bc7 19. a4 Bg4 20. Nd2 Bf5 21. b5
axb5 22. axb5 Qd6 23. Nf1 cxb5 24. Bxb5 Rfc8 25. Bd3 Bxd3 26. Qxd3 Bb6 27. Na4
Rxc1 28. Rxc1 Qb4 29. Qd1 Ra8 30. Nxb6 Qxb6 31. Rb1 Qc6 32. h3 Ra2 33. Nh2 Nf5
34. Rc1 Qg6 35. Qb3 Ra5 36. Qxb7 Kh7 37. Ng4 f6 38. Qd7 Nh6 39. Nxh6 Kxh6 40.
Kh2 Ra2 41. Rc8 Qe4 42. Rh8+ Kg6 43. Rg8 Rxf2 44. Qxg7+ 1-0

[Event "Hilton Open 2011"]
[Site "Basel"]
[Date "2011.01.01"]
[Round "1"]
[White "Scherer, Max"]
[Black "Ovsejevitsch, Sergei"]
[Result "0-1"]
[WhiteElo "2252"]
[BlackElo "2582"]
[PlyCount "66"]
[EventDate "2011.01.??"]
[EventType "swiss"]
[EventRounds "7"]
[EventCategory "1"]
[SourceDate "2011.01.02"]

1. c4 c5 2. g3 g6 3. Bg2 Bg7 4. Nc3 Nc6 5. e3 e5 6. Nge2 Nge7 7. O-O O-O 8. b3
d6 9. Bb2 Be6 10. Ne4 h6 11. d4 exd4 12. exd4 Nf5 13. Qd2 Nfxd4 14. Nxd4 Nxd4
15. Bxd4 cxd4 16. Rfe1 Kh7 17. Qb4 d5 18. Nd6 a5 19. Qa3 dxc4 20. bxc4 Rb8 21.
Bxb7 Qc7 22. Rab1 Rfd8 23. c5 Bf8 24. Rec1 Bxd6 25. cxd6 Qxd6 26. Qxa5 d3 27.
Qd2 Bd5 28. Bxd5 Rxb1 29. Rxb1 Qxd5 30. h4 Re8 31. Rd1 Re2 32. Qf4 d2 33. Kh2
Re1 0-1

[Event "Hilton Open 2011"]
[Site "Basel"]
[Date "2011.01.01"]
[Round "1"]
[White "Hamdouchi, Hichem"]
[Black "Liepold, Stefan"]
[Result "1/2-1/2"]
[WhiteElo "2592"]
[BlackElo "2254"]
[PlyCount "100"]
[EventDate "2011.01.??"]
[EventType "swiss"]
[EventRounds "7"]
[EventCategory "1"]
[SourceDate "2011.01.02"]

1. e4 e6 2. d3 d5 3. Qe2 c5 4. Nf3 Nc6 5. g3 Nge7 6. h4 h5 7. Bg2 g6 8. O-O Bg7
9. e5 Qc7 10. Bf4 b6 11. c4 Ba6 12. Nc3 Rd8 13. Nb5 Bxb5 14. cxb5 Na5 15. Rac1
Qd7 16. b4 cxb4 17. Nd4 Nf5 18. Nxf5 exf5 19. Bd2 O-O 20. Bxb4 Rfe8 21. d4 Rc8
22. Rfe1 Nc4 23. a4 Qe6 24. Rc3 Bh6 25. f4 Bf8 26. Bxf8 Kxf8 27. Rec1 Red8 28.
Kf2 Kg7 29. Qa2 Rc7 30. Qa1 Rdc8 31. R1c2 Rd8 32. Qh1 Rcc8 33. Qc1 Rc7 34. Bxd5
Qxd5 35. Rxc4 Rxc4 36. Rxc4 Qe4 37. Qe3 Qh1 38. Qc3 Qh2+ 39. Ke1 Rd5 40. Kd1
Qf2 41. Kc1 Kh6 42. Rc8 Rxd4 43. e6 f6 44. Rh8+ Kg7 45. Rd8 Rxd8 46. Qc7+ Kh6
47. Qxd8 Qe1+ 48. Kc2 Qe2+ 49. Kc3 Qe3+ 50. Kc2 Qe2+ 1/2-1/2

[Event "Hilton Open 2011"]
[Site "Basel"]
[Date "2011.01.01"]
[Round "1"]
[White "Moser, Guido"]
[Black "Pelletier, Yannick"]
[Result "0-1"]
[WhiteElo "2007"]
[BlackElo "2586"]
[PlyCount "60"]
[EventDate "2011.01.??"]
[EventType "swiss"]
[EventRounds "7"]
[EventCategory "1"]
[SourceDate "2011.01.02"]

1. d4 Nf6 2. Nf3 e6 3. e3 b6 4. Bd3 Bb7 5. Nbd2 c5 6. c3 Nc6 7. O-O Qc7 8. a3
d5 9. Qe2 Be7 10. Ne5 Nxe5 11. dxe5 Qxe5 12. Bb5+ Nd7 13. Bxd7+ Kxd7 14. f4 Qc7
15. e4 Rad8 16. exd5 Bxd5 17. f5 exf5 18. Nc4 Kc8 19. Bf4 Qb7 20. Rad1 Rhe8 21.
Ne3 Be6 22. Be5 g6 23. Nc4 Qe4 24. Qxe4 fxe4 25. Nd6+ Bxd6 26. Rxd6 Rxd6 27.
Bxd6 Rd8 28. Bf4 a5 29. Re1 f5 30. Re3 a4 0-1

[Event "Hilton Open 2011"]
[Site "Basel"]
[Date "2011.01.01"]
[Round "1"]
[White "Korneev, Oleg"]
[Black "Bjerke, Silje"]
[Result "1-0"]
[WhiteElo "2576"]
[BlackElo "2186"]
[PlyCount "133"]
[EventDate "2011.01.??"]
[EventType "swiss"]
[EventRounds "7"]
[EventCategory "1"]
[SourceDate "2011.01.02"]

1. e4 e5 2. Nf3 Nc6 3. Bb5 a6 4. Ba4 Nf6 5. O-O Be7 6. Re1 b5 7. Bb3 O-O 8. h3
Bb7 9. d3 d6 10. a3 Na5 11. Ba2 c5 12. Nc3 Nc6 13. Nd5 Nxd5 14. Bxd5 Qc7 15. c3
Bf6 16. Nh2 Nd8 17. Ng4 Be7 18. Ne3 Ne6 19. Qg4 Bxd5 20. exd5 Nf4 21. Nf5 Ng6
22. h4 Bf6 23. h5 Ne7 24. Nxg7 Bxg7 25. h6 Ng6 26. hxg7 Kxg7 27. Qh5 Rfe8 28.
Bh6+ Kg8 29. Qf5 Qe7 30. Re3 Ra7 31. a4 b4 32. cxb4 cxb4 33. Rc1 f6 34. Rc4 Qb7
35. Rg3 Qf7 36. Be3 Rb7 37. Rcg4 Kf8 38. d4 exd4 39. Rxd4 Rc7 40. Bh6+ Kg8 41.
Rxb4 Rc5 42. Rd3 Kh8 43. Be3 Rc7 44. Bd4 Ne5 45. Bxe5 fxe5 46. Qxf7 Rxf7 47.
Rb6 e4 48. Re3 Rc8 49. Rxe4 Rc1+ 50. Kh2 Rxf2 51. Rxd6 Rxb2 52. Re8+ Kg7 53.
Re7+ Kf8 54. Rxh7 Kg8 55. Ra7 Rc8 56. Rdxa6 Rd2 57. Ra8 Rxa8 58. Rxa8+ Kf7 59.
Ra5 Rd4 60. Kh3 Kf6 61. Ra6+ Kg5 62. d6 Rd3+ 63. g3 Rd4 64. a5 Rd5 65. Rc6 Rxa5
66. d7 Rd5 67. Rc5 1-0

[Event "Hilton Open 2011"]
[Site "Basel"]
[Date "2011.01.01"]
[Round "1"]
[White "Haener, Philippe"]
[Black "Stojanovic, Mihajlo"]
[Result "0-1"]
[WhiteElo "2180"]
[BlackElo "2572"]
[PlyCount "101"]
[EventDate "2011.01.??"]
[EventType "swiss"]
[EventRounds "7"]
[EventCategory "1"]
[SourceDate "2011.01.02"]

1. d4 d5 2. c4 dxc4 3. Nf3 c5 4. e3 cxd4 5. Bxc4 Qc7 6. Bb5+ Bd7 7. Bxd7+ Nxd7
8. exd4 Ngf6 9. Nc3 Qc4 10. Qe2 Qxe2+ 11. Kxe2 e6 12. d5 exd5 13. Rd1 Nb6 14.
Be3 Bb4 15. Bxb6 Bxc3 16. Be3 Ba5 17. Bg5 Bd8 18. Bxf6 Bxf6 19. Rxd5 Rc8 20.
Rad1 Rc7 21. R1d2 O-O 22. Rd7 Rfc8 23. Rxc7 Rxc7 24. Kd1 h5 25. h4 Kf8 26. g3
Ke7 27. Re2+ Kd6 28. Rd2+ Ke6 29. Nd4+ Bxd4 30. Rxd4 Rd7 31. Rxd7 Kxd7 32. Kd2
Ke6 33. Ke3 Kf5 34. f3 f6 35. Kf2 g5 36. Ke3 gxh4 37. gxh4 b5 38. a3 a6 39. b3
Ke5 40. b4 Kf5 41. Ke2 Kf4 42. Kf2 f5 43. Ke2 Kg3 44. Ke3 Kxh4 45. Kf4 Kh3 46.
Kxf5 h4 47. f4 Kg3 48. Ke5 h3 49. f5 h2 50. f6 h1=Q 51. Ke6 0-1

[Event "Hilton Open 2011"]
[Site "Basel"]
[Date "2011.01.01"]
[Round "1"]
[White "Abbasov, Farid"]
[Black "Schultz, Raphael"]
[Result "1-0"]
[WhiteElo "2537"]
[BlackElo "2107"]
[PlyCount "45"]
[EventDate "2011.01.??"]
[EventType "swiss"]
[EventRounds "7"]
[EventCategory "1"]
[SourceDate "2011.01.02"]

1. d4 e6 2. Nf3 f5 3. g3 Nf6 4. Bg2 d5 5. O-O Bd6 6. c4 c6 7. Bf4 Bxf4 8. gxf4
O-O 9. Qc2 Qe8 10. Nbd2 Qh5 11. e3 Nbd7 12. Ng5 Nb6 13. c5 h6 14. Nh3 Nbd7 15.
f3 g5 16. e4 dxe4 17. fxe4 fxe4 18. fxg5 hxg5 19. Nxe4 Nxe4 20. Qxe4 Nf6 21.
Qe5 g4 22. Ng5 Qg6 23. Ne4 1-0

[Event "Hilton Open 2011"]
[Site "Basel"]
[Date "2011.01.01"]
[Round "1"]
[White "Wirz, Heinz"]
[Black "Ibrahimov, Rasul"]
[Result "0-1"]
[WhiteElo "2131"]
[BlackElo "2538"]
[PlyCount "60"]
[EventDate "2011.01.??"]
[EventType "swiss"]
[EventRounds "7"]
[EventCategory "1"]
[SourceDate "2011.01.02"]

1. d4 Nf6 2. Nf3 b6 3. g3 Bb7 4. Bg2 c5 5. c3 e6 6. O-O Be7 7. Bg5 O-O 8. Nbd2
Nc6 9. dxc5 bxc5 10. Qc2 d5 11. Rfd1 h6 12. Bxf6 Bxf6 13. e4 Qb6 14. exd5 exd5
15. Nf1 d4 16. N1d2 Rad8 17. Ne4 Be7 18. g4 d3 19. Qc1 Bc8 20. h3 f5 21. gxf5
Bxf5 22. Ng3 Bxh3 23. Bxh3 Rxf3 24. Be6+ Kh8 25. Bg4 Rxg3+ 26. fxg3 c4+ 27. Kh1
Bg5 28. Qb1 Ne5 29. Bh3 Qc6+ 30. Bg2 Qg6 0-1

[Event "Hilton Open 2011"]
[Site "Basel"]
[Date "2011.01.01"]
[Round "1"]
[White "Drazic, Sinisa"]
[Black "Bender, Dirk"]
[Result "0-1"]
[WhiteElo "2487"]
[BlackElo "2114"]
[PlyCount "138"]
[EventDate "2011.01.??"]
[EventType "swiss"]
[EventRounds "7"]
[EventCategory "1"]
[SourceDate "2011.01.02"]

1. d4 c5 2. dxc5 e6 3. Nc3 Bxc5 4. Ne4 Qb6 5. Nxc5 Qxc5 6. c3 Nf6 7. Nf3 O-O 8.
Bf4 d5 9. e3 Nbd7 10. h3 Re8 11. Be2 b5 12. O-O Bb7 13. Qb3 e5 14. Bh2 Bc6 15.
Rfd1 a5 16. a3 Ne4 17. Rac1 Qa7 18. Bf1 Nec5 19. Qa2 a4 20. Rxd5 Nb3 21. Rcd1
Bxd5 22. Rxd5 Red8 23. Qb1 Nf6 24. Rxd8+ Rxd8 25. Bxe5 Qd7 26. Bd4 Qd5 27. Bd3
h6 28. Qf1 Rb8 29. Qd1 Rd8 30. Qc2 Rc8 31. Qb1 Rd8 32. e4 Qb7 33. Qe1 Nh5 34.
Qe3 Re8 35. g4 Nxd4 36. Nxd4 Nf6 37. e5 Qd5 38. f4 Qa2 39. Qf2 Nd5 40. Bxb5 Rb8
41. g5 Qb1+ 42. Kg2 Qe4+ 43. Kh2 Nxf4 44. gxh6 gxh6 45. Bxa4 Ng6 46. e6 Qe5+
47. Kh1 Qe4+ 48. Kh2 Qe5+ 49. Kg2 Qg5+ 50. Kh2 Qe5+ 51. Qg3 Rxb2+ 52. Bc2 fxe6
53. Qxe5 Nxe5 54. Kg3 Nc6 55. Bd1 Nxd4 56. cxd4 Rd2 57. Bg4 Kf7 58. Kh4 Rxd4
59. Kh5 Kf6 60. Kxh6 Ra4 61. Kh5 Rxa3 62. Kh4 e5 63. Bh5 Kf5 64. Bg4+ Kf4 65.
Kh5 e4 66. Be6 Ra5+ 67. Kh4 e3 68. Bg4 Rg5 69. Be2 Rg2 0-1

[Event "Hilton Open 2011"]
[Site "Basel"]
[Date "2011.01.01"]
[Round "1"]
[White "Bacrot, Nathalie"]
[Black "Heimann, Andreas"]
[Result "0-1"]
[WhiteElo "2114"]
[BlackElo "2476"]
[PlyCount "70"]
[EventDate "2011.01.??"]
[EventType "swiss"]
[EventRounds "7"]
[EventCategory "1"]
[SourceDate "2011.01.02"]

1. Nf3 c5 2. g3 Nc6 3. Bg2 g6 4. d3 Bg7 5. O-O d6 6. Nbd2 e5 7. e4 Nge7 8. a4
O-O 9. c3 h6 10. Nc4 Be6 11. Nfd2 Qd7 12. Ne3 Kh7 13. Nd5 f5 14. f4 Bg8 15.
Nxe7 Nxe7 16. Nf3 Rad8 17. c4 fxe4 18. dxe4 Bxc4 19. Re1 exf4 20. gxf4 Nc6 21.
Ra3 Nd4 22. Nxd4 Bxd4+ 23. Kh1 Qg7 24. Qc2 Bf7 25. f5 g5 26. e5 dxe5 27. f6+
Qg6 28. Be4 Bd5 29. Rf3 Bxe4 30. Rxe4 Rd6 31. Bxg5 hxg5 32. Rh3+ Kg8 33. Rh8+
Kf7 34. Qb3+ Ke8 35. Qxb7 Qxf6 0-1

[Event "Hilton Open 2011"]
[Site "Basel"]
[Date "2011.01.01"]
[Round "1"]
[White "Battaglini, Gabriel"]
[Black "Graeber, Fabien"]
[Result "1-0"]
[WhiteElo "2437"]
[BlackElo "2086"]
[PlyCount "67"]
[EventDate "2011.01.??"]
[EventType "swiss"]
[EventRounds "7"]
[EventCategory "1"]
[SourceDate "2011.01.02"]

1. d4 d5 2. c4 c6 3. Nc3 Nf6 4. e3 e6 5. Nf3 Nbd7 6. Bd3 Bd6 7. O-O h6 8. e4
dxe4 9. Nxe4 Nxe4 10. Bxe4 O-O 11. Bc2 c5 12. b3 b6 13. Qd3 Nf6 14. Bb2 cxd4
15. Qxd4 Bc5 16. Qh4 Bb7 17. Rad1 Qe7 18. Nd4 Rfd8 19. Rfe1 Ne8 20. Qh3 Qg5 21.
Rd3 Bd6 22. Nf3 Qa5 23. Re2 Ba3 24. Bc3 Bb4 25. Bxb4 Qxb4 26. Ne5 Nf6 27. Qe3
Qe7 28. Red2 Rxd3 29. Qxd3 Be4 30. Qc3 Rd8 31. Bxe4 Nxe4 32. Nc6 Rxd2 33. Nxe7+
Kf8 34. Qc1 1-0

[Event "Hilton Open 2011"]
[Site "Basel"]
[Date "2011.01.01"]
[Round "1"]
[White "Huseyn, Orkhan"]
[Black "Eschbach, Dennis"]
[Result "1/2-1/2"]
[WhiteElo "2094"]
[BlackElo "2416"]
[PlyCount "125"]
[EventDate "2011.01.??"]
[EventType "swiss"]
[EventRounds "7"]
[EventCategory "1"]
[SourceDate "2011.01.02"]

1. e4 e6 2. d4 d5 3. Nc3 Nf6 4. e5 Nfd7 5. f4 c5 6. Nf3 Nc6 7. Be3 cxd4 8. Nxd4
Bc5 9. Qd2 O-O 10. O-O-O a6 11. h4 Nxd4 12. Bxd4 b5 13. Rh3 b4 14. Na4 Bxd4 15.
Qxd4 a5 16. Bb5 Rb8 17. Bxd7 Bxd7 18. Nc5 Bb5 19. f5 exf5 20. e6 Qc7 21. exf7+
Rxf7 22. Ne6 Qd6 23. Nf4 Re8 24. Nxd5 Rd7 25. Qf4 Re5 26. Ne3 Qe6 27. Rxd7 Bxd7
28. Qd4 Re4 29. Qa7 f4 30. Nd1 a4 31. Rd3 Be8 32. Qa8 Re5 33. Qb7 Rb5 34. Qc7
Re5 35. Qb7 Re4 36. Qd5 Qxd5 37. Rxd5 Bg6 38. Kd2 Rc4 39. c3 Be4 40. Ra5 a3 41.
bxa3 bxc3+ 42. Nxc3 Bxg2 43. Ra4 Bf1 44. Rb4 h6 45. Ne2 Bxe2 46. Kxe2 Rc2+ 47.
Kf1 Rxa2 48. Rxf4 Rxa3 49. Kg2 Kh7 50. Rg4 Re3 51. Rg3 Rxg3+ 52. Kxg3 Kg6 53.
Kf4 Kf7 54. Kg4 Kf6 55. Kh5 Kf7 56. Kg4 g6 57. Kf3 Ke7 58. Ke3 Kd7 59. Kd3 Kc7
60. Ke4 Kd8 61. Kd4 Kd7 62. Kd3 Ke6 63. Ke4 1/2-1/2

[Event "Hilton Open 2011"]
[Site "Basel"]
[Date "2011.01.01"]
[Round "1"]
[White "Bae, Torstein"]
[Black "Braeunlin, Klaus"]
[Result "1-0"]
[WhiteElo "2411"]
[BlackElo "2100"]
[PlyCount "77"]
[EventDate "2011.01.??"]
[EventType "swiss"]
[EventRounds "7"]
[EventCategory "1"]
[SourceDate "2011.01.02"]

1. e4 c6 2. d4 d5 3. exd5 cxd5 4. c4 Nf6 5. Nc3 Nc6 6. Bg5 Be6 7. c5 Qa5 8.
Bxf6 gxf6 9. a3 Qc7 10. b4 Bg7 11. b5 Qa5 12. Nge2 Nd8 13. Qb3 Bd7 14. Qb4 Qxb4
15. axb4 e6 16. Nc1 f5 17. Nb3 O-O 18. Be2 f4 19. O-O f5 20. Ra3 a6 21. Rd1 Rb8
22. c6 bxc6 23. bxa6 Nf7 24. a7 Ra8 25. Nc5 Rfd8 26. b5 cxb5 27. Bxb5 Bf8 28.
Kf1 Be8 29. Bxe8 Rxe8 30. Nb5 Rec8 31. Rb1 Nd6 32. Ra6 Nc4 33. Ke2 e5 34. Ne6
exd4 35. Nbc7 Ne5 36. Nxa8 f3+ 37. gxf3 d3+ 38. Kf1 d2 39. Nac7 1-0

[Event "Hilton Open 2011"]
[Site "Basel"]
[Date "2011.01.01"]
[Round "1"]
[White "Arounopoulos, Stephan"]
[Black "Filipovic, Branko"]
[Result "0-1"]
[WhiteElo "2085"]
[BlackElo "2413"]
[PlyCount "64"]
[EventDate "2011.01.??"]
[EventType "swiss"]
[EventRounds "7"]
[EventCategory "1"]
[SourceDate "2011.01.02"]

1. d4 b6 2. c4 Bb7 3. Nc3 Nf6 4. Nf3 g6 5. Qc2 d5 6. cxd5 Nxd5 7. e4 Nxc3 8.
bxc3 Bg7 9. Bc4 O-O 10. h4 c5 11. Be3 cxd4 12. cxd4 Nc6 13. Qd2 Rc8 14. Rc1 Na5
15. Bd3 Rxc1+ 16. Qxc1 Qa8 17. Qb1 Rc8 18. h5 Nc4 19. hxg6 hxg6 20. Bh6 Nd6 21.
Bxg7 Kxg7 22. d5 Rh8 23. Qb2+ f6 24. O-O Qb8 25. e5 Nf7 26. exf6+ exf6 27. Qd4
Rh5 28. Qg4 Qh8 29. g3 Bxd5 30. Qxg6+ Kf8 31. Nh4 Ne5 32. Rc1 Nxg6 0-1

[Event "Hilton Open 2011"]
[Site "Basel"]
[Date "2011.01.01"]
[Round "1"]
[White "Lekic, Dusan"]
[Black "Clausen, Martin"]
[Result "1/2-1/2"]
[WhiteElo "2389"]
[BlackElo "2082"]
[PlyCount "95"]
[EventDate "2011.01.??"]
[EventType "swiss"]
[EventRounds "7"]
[EventCategory "1"]
[SourceDate "2011.01.02"]

1. d4 Nf6 2. c4 c5 3. d5 b5 4. cxb5 a6 5. bxa6 Bxa6 6. g3 d6 7. Bg2 g6 8. b3
Bg7 9. Bb2 Nbd7 10. Nh3 O-O 11. O-O Ra7 12. Nf4 Nxd5 13. Bxg7 Nxf4 14. Bxf8
Nxe2+ 15. Kh1 Qxf8 16. Re1 Qg7 17. Nd2 Nf8 18. Nc4 Nd4 19. a4 Qf6 20. Ra2 e5
21. a5 Qe6 22. Nb6 f5 23. Re3 Qf7 24. f4 e4 25. Rd2 Nfe6 26. b4 Qg7 27. bxc5
dxc5 28. Qb1 h5 29. h4 Kh7 30. Qa1 Qe7 31. Rc3 Qg7 32. Nd5 Nb3 33. Qd1 Nxd2 34.
Qxd2 Bd3 35. Ra3 Qd4 36. Ne3 Qf6 37. Bf1 c4 38. Nxc4 Bxf1 39. Qf2 Qd4 40. Qxf1
Nc5 41. Ne5 e3 42. Nf3 Qd5 43. Rxe3 Ne4 44. Qg2 Rxa5 45. Ng5+ Nxg5 46. Qxd5
Rxd5 47. hxg5 Rd2 48. Kg1 1/2-1/2

[Event "Hilton Open 2011"]
[Site "Basel"]
[Date "2011.01.01"]
[Round "1"]
[White "Seitz, Benjamin"]
[Black "Maier, Christian"]
[Result "0-1"]
[WhiteElo "2084"]
[BlackElo "2367"]
[PlyCount "78"]
[EventDate "2011.01.??"]
[EventType "swiss"]
[EventRounds "7"]
[EventCategory "1"]
[SourceDate "2011.01.02"]

1. d4 Nf6 2. Nf3 e6 3. c4 b6 4. g3 Ba6 5. Nbd2 c5 6. Bg2 Bb7 7. O-O cxd4 8.
Nxd4 Bxg2 9. Kxg2 Be7 10. b3 O-O 11. e4 Qc7 12. Bb2 d6 13. Qe2 Nbd7 14. Rfd1 a6
15. a4 Rfe8 16. a5 bxa5 17. Bc3 d5 18. Bxa5 Qb7 19. exd5 exd5 20. Qf3 Ne5 21.
Qc3 dxc4+ 22. N4f3 Nd5 23. Qxe5 Bf6 24. Qf5 Bxa1 25. Nxc4 Ne7 26. Qh5 Bf6 27.
Nd6 Qxb3 28. Rd3 Qxd3 29. Qxf7+ Kh8 30. Nxe8 Qd5 31. Qf8+ Qg8 32. Qxg8+ Kxg8
33. Nc7 Rc8 34. Nd2 Nc6 35. Bb6 a5 36. Nc4 a4 37. Nb5 Re8 38. Be3 Ra8 39. g4
Ne5 0-1

[Event "Hilton Open 2011"]
[Site "Basel"]
[Date "2011.01.01"]
[Round "1"]
[White "Senn, Roland"]
[Black "Toth, Bela"]
[Result "0-1"]
[WhiteElo "2068"]
[BlackElo "2347"]
[PlyCount "162"]
[EventDate "2011.01.??"]
[EventType "swiss"]
[EventRounds "7"]
[EventCategory "1"]
[SourceDate "2011.01.02"]

1. d4 Nf6 2. c4 e6 3. Nc3 Bb4 4. Nf3 c5 5. g3 cxd4 6. Nxd4 Ne4 7. Qd3 Nxc3 8.
bxc3 Be7 9. Bg2 a6 10. O-O O-O 11. Rd1 Qc7 12. Rb1 Nc6 13. Nxc6 bxc6 14. Be3
Rb8 15. Rxb8 Qxb8 16. Rb1 Qe5 17. Bd4 Qa5 18. Qc2 c5 19. Be5 d6 20. Bf4 Rd8 21.
Rb8 e5 22. Bd2 Bg4 23. Rxd8+ Bxd8 24. Kf1 Bd7 25. Bd5 Qa4 26. Qb3 Qxb3 27. axb3
a5 28. e4 Bg4 29. Ke1 Bf3 30. Be3 h6 31. Bc1 Kf8 32. Ba3 Ke7 33. Kd2 Bb6 34.
Bc6 f5 35. Ke3 fxe4 36. Bxe4 Bd1 37. f4 exf4+ 38. Kxf4 Bxb3 39. Bd5 Kf6 40. h4
g5+ 41. hxg5+ hxg5+ 42. Ke4 Bc2+ 43. Kf3 Ke5 44. Bc1 Bd1+ 45. Kf2 Bd8 46. Ke3
Kf5 47. Bc6 Kg4 48. Kf2 Bf6 49. Bd7+ Kh5 50. Bb2 Be5 51. Be8+ Kh6 52. Bd7 Kg6
53. g4 Kf6 54. Bf5 Bf4 55. Ke1 Ba4 56. Ke2 Ke5 57. Bc8 Bc6 58. Bf5 Bb7 59. Ba3
Ba6 60. Kd3 Bg3 61. Bc1 Bh4 62. Bd7 Bb7 63. Bf5 Bc6 64. Ke3 Bg3 65. Kd3 Bf4 66.
Ba3 Bg2 67. Ke2 Be4 68. Bd7 Bg6 69. Bc6 Bf7 70. Kd3 Be6 71. Bf3 Bd7 72. Ke2 Kf6
73. Kd3 Ke7 74. Ke2 Kd8 75. Kd3 Kc7 76. Bb2 Bc6 77. Be2 Kd7 78. Kc2 Ke6 79. Bd3
Ke5 80. Be2 Be3 81. Kd3 Kf4 0-1

[Event "Hilton Open 2011"]
[Site "Basel"]
[Date "2011.01.01"]
[Round "1"]
[White "Zozulia, Anna"]
[Black "Speck, Hans"]
[Result "1-0"]
[WhiteElo "2347"]
[BlackElo "2050"]
[PlyCount "59"]
[EventDate "2011.01.??"]
[EventType "swiss"]
[EventRounds "7"]
[EventCategory "1"]
[SourceDate "2011.01.02"]

1. e4 Nf6 2. e5 Nd5 3. d4 d6 4. Nf3 Bg4 5. Be2 e6 6. O-O Be7 7. h3 Bh5 8. c4
Nb6 9. exd6 cxd6 10. Nc3 O-O 11. b3 Nc6 12. d5 Bf6 13. dxc6 Bxc3 14. cxb7 Rb8
15. Bg5 Bf6 16. Bxf6 gxf6 17. Nd4 Bxe2 18. Qxe2 Rxb7 19. Rad1 Rd7 20. Rd3 f5
21. Rfd1 Qf6 22. Nb5 Kh8 23. Rxd6 Rxd6 24. Rxd6 Rg8 25. Nxa7 Qg7 26. f4 Qa1+
27. Kh2 Ra8 28. Rxb6 Rxa7 29. Rb8+ Kg7 30. Qe3 1-0

[Event "Hilton Open 2011"]
[Site "Basel"]
[Date "2011.01.01"]
[Round "1"]
[White "Paul, Mathias"]
[Black "Kolbus, Dietmar"]
[Result "0-1"]
[WhiteElo "2065"]
[BlackElo "2332"]
[PlyCount "92"]
[EventDate "2011.01.??"]
[EventType "swiss"]
[EventRounds "7"]
[EventCategory "1"]
[SourceDate "2011.01.02"]

1. e4 c5 2. Nc3 a6 3. a4 Nc6 4. g3 g6 5. Bg2 Bg7 6. d3 d6 7. Be3 Nf6 8. h3 O-O
9. Nge2 e5 10. O-O Ne8 11. Nd5 Be6 12. c3 Bxd5 13. exd5 Ne7 14. f4 Nf5 15. Bf2
exf4 16. Nxf4 Bh6 17. Qf3 Neg7 18. Rae1 Bg5 19. Re4 h5 20. h4 Bf6 21. Bh3 Nh6
22. Kh1 Kh7 23. d4 c4 24. Be1 b5 25. axb5 axb5 26. Bd2 Ra7 27. Ng2 Be7 28. Rfe1
Ng8 29. R4e2 Bf6 30. Nf4 Re7 31. Rxe7 Bxe7 32. Bg2 Bf6 33. Nh3 Nf5 34. Bg5 Kg7
35. Qf4 Re8 36. Re4 Rxe4 37. Bxe4 Bxg5 38. Nxg5 Ngh6 39. Bf3 Qa5 40. Ne4 Qa1+
41. Kg2 Qxb2+ 42. Kh3 Qa1 43. Qg5 Ng4 44. Qd2 Nfe3 45. Qe2 Qg1 46. Bg2 Qh2# 0-1

[Event "Hilton Open 2011"]
[Site "Basel"]
[Date "2011.01.01"]
[Round "1"]
[White "Vatter, Hans Joachim"]
[Black "Ditzler, Juerg"]
[Result "1-0"]
[WhiteElo "2324"]
[BlackElo "2067"]
[PlyCount "53"]
[EventDate "2011.01.??"]
[EventType "swiss"]
[EventRounds "7"]
[EventCategory "1"]
[SourceDate "2011.01.02"]

1. e4 g6 2. d4 Bg7 3. Nc3 d6 4. f4 c6 5. Be3 d5 6. e5 h5 7. Bd3 Nh6 8. Nf3 Bf5
9. h3 Bxd3 10. Qxd3 Nf5 11. Bf2 h4 12. O-O e6 13. Ne2 Nd7 14. b3 Bf8 15. c4 Be7
16. Rfc1 O-O 17. Rc2 Qa5 18. Nc3 dxc4 19. bxc4 Rfd8 20. Qe2 Nb6 21. Ne4 Rd7 22.
Nf6+ Bxf6 23. exf6 Ng3 24. Qe5 Qa4 25. Rac1 c5 26. Bxg3 hxg3 27. Qg5 1-0

[Event "Hilton Open 2011"]
[Site "Basel"]
[Date "2011.01.01"]
[Round "1"]
[White "Suter, Stephan"]
[Black "Hamdouchi, Adina-Maria"]
[Result "1/2-1/2"]
[WhiteElo "2052"]
[BlackElo "2293"]
[PlyCount "75"]
[EventDate "2011.01.??"]
[EventType "swiss"]
[EventRounds "7"]
[EventCategory "1"]
[SourceDate "2011.01.02"]

1. Nf3 g6 2. c4 Bg7 3. e4 d6 4. d4 Nf6 5. Nc3 O-O 6. Be2 Nbd7 7. O-O e5 8. Qc2
Nh5 9. Rd1 Nf4 10. Bf1 c5 11. dxe5 dxe5 12. Be3 Ne6 13. Nd5 Nd4 14. Nxd4 exd4
15. Bf4 Ne5 16. Rab1 f5 17. Bxe5 Bxe5 18. f4 Bg7 19. e5 Kh8 20. g3 g5 21. Bg2
gxf4 22. gxf4 Be6 23. Qf2 b5 24. b4 bxc4 25. bxc5 d3 26. Qd4 Qh4 27. Qxc4 Bxe5
28. Rxd3 Bxd5 29. Qxd5 Qxf4 30. Qxa8 Rxa8 31. Bxa8 Bd4+ 32. Kh1 Bxc5 33. Rbd1
Kg7 34. Rg3+ Kf6 35. Rf3 Qb8 36. Be4 f4 37. Rdf1 Bd6 38. Bxh7 1/2-1/2

[Event "Hilton Open 2011"]
[Site "Basel"]
[Date "2011.01.01"]
[Round "1"]
[White "Vulevic, Vjekoslav"]
[Black "Meier, Franz"]
[Result "1-0"]
[WhiteElo "2293"]
[BlackElo "2003"]
[PlyCount "65"]
[EventDate "2011.01.??"]
[EventType "swiss"]
[EventRounds "7"]
[EventCategory "1"]
[SourceDate "2011.01.02"]

1. c4 Nf6 2. Nf3 c5 3. e3 e6 4. Nc3 Nc6 5. d4 cxd4 6. exd4 d5 7. a3 a6 8. Bg5
Be7 9. Bd3 dxc4 10. Bxc4 b5 11. Bb3 Na5 12. Ba2 Bb7 13. O-O O-O 14. Ne5 Nd5 15.
Bxe7 Nxe7 16. Re1 Bd5 17. Nxd5 exd5 18. Bb1 g6 19. b3 Rc8 20. a4 Nac6 21. Nf3
Kg7 22. h4 Qd6 23. Qd2 h6 24. Bd3 Nb4 25. axb5 axb5 26. Bxb5 Nc2 27. Ra6 Qd8
28. Rc1 Rb8 29. Ba4 Nb4 30. Ra7 Nf5 31. Rcc7 Nd6 32. h5 g5 33. Ne5 1-0

[Event "Hilton Open 2011"]
[Site "Basel"]
[Date "2011.01.01"]
[Round "1"]
[White "Sperzel, Bernd"]
[Black "Alfred, Nathan"]
[Result "0-1"]
[WhiteElo "2002"]
[BlackElo "2268"]
[PlyCount "74"]
[EventDate "2011.01.??"]
[EventType "swiss"]
[EventRounds "7"]
[EventCategory "1"]
[SourceDate "2011.01.02"]

1. Nf3 Nf6 2. d4 g6 3. g3 Bg7 4. Bg2 O-O 5. O-O d6 6. c4 Nc6 7. Nc3 a6 8. e4
Bg4 9. h3 Bxf3 10. Bxf3 e5 11. dxe5 dxe5 12. Bg5 Nd4 13. Bg2 h6 14. Bxf6 Bxf6
15. Ne2 c5 16. Nc3 Rb8 17. Nd5 Bg7 18. f4 exf4 19. gxf4 b5 20. f5 Be5 21. Qg4
h5 22. Qd1 bxc4 23. Rf2 Nc6 24. Qc1 Kh7 25. fxg6+ fxg6 26. Rxf8 Qxf8 27. Qxc4
Bd4+ 28. Kh1 Rxb2 29. Rf1 Rf2 30. Qxa6 Ne5 31. Nf6+ Kg7 32. Rxf2 Bxf2 33. Nd5
Bd4 34. Qe2 c4 35. Qd2 Nd3 36. Ne3 Qf2 37. Nf5+ Kf6 0-1

[Event "Hilton Open 2011"]
[Site "Basel"]
[Date "2011.01.01"]
[Round "1"]
[White "Melkumjanz, Nikolay"]
[Black "Sommerhalder, Eric"]
[Result "1-0"]
[WhiteElo "2260"]
[BlackElo "2000"]
[PlyCount "71"]
[EventDate "2011.01.??"]
[EventType "swiss"]
[EventRounds "7"]
[EventCategory "1"]
[SourceDate "2011.01.02"]

1. e4 c5 2. Nf3 d6 3. c3 Nf6 4. g3 Nc6 5. d3 g6 6. Bg2 Bg7 7. O-O O-O 8. Nbd2
h6 9. Qe2 Ng4 10. h3 Nge5 11. Ne1 e6 12. f4 Nd7 13. g4 b5 14. Ndf3 b4 15. c4
Nd4 16. Nxd4 Bxd4+ 17. Kh1 e5 18. f5 g5 19. h4 f6 20. Rf3 Kg7 21. Rh3 Bb7 22.
Bf3 a5 23. Rb1 a4 24. Qh2 Rh8 25. Kg2 b3 26. a3 Qa5 27. Kf1 Ba6 28. Bd2 Qd8 29.
Be2 Nb8 30. Nf3 Nc6 31. Kg2 Rb8 32. Rh1 Qg8 33. Bc1 Nb4 34. Nxd4 cxd4 35. axb4
d5 36. exd5 1-0